KÜLHANBEYİ (Record no. 1207554)

MARC details
000 -LEADER
sabit uzunluktaki kontrol alanı 00235nam a2200097Ia 4500
001 - KONTROL NUMARASI
kontrol alanı 1207554
005 - EN SON İŞLEMİN TARİH VE ZAMANI
kontrol alanı 20250827022828.0
008 - SABİT-UZUNLUKTA VERİ ÖĞELERİ--GENEL BİLGİ
sabit uzunluktaki kontrol alanı 250824s9999 xx 000 0 und d
245 #0 - ESER / YAZAR
ESER ADI KÜLHANBEYİ
Yazar Adı HAKAN KAĞAN
260 ## - YAYIN, DAĞITIM, VB.
YAYIN EVİ KAPI YAYINLARI
Holdings
Düşüm durumu Kayıp durumu Sınıflandırma Kaynağı veya raf şeması Hasar Durumu Ödünç verilmez Ana kütüphane Geçerli Kütüphane Edinilen tarih Toplam ödünç verme sayısı Tam yer numarası Barkod Son görüntüleme tarihi Fiyatın geçerli olmaya başladığı tarih Koha materyal türü
    Dewey Ondalık Sınıflama     KONYA ATATÜRK ANADOLU LİSESİ KONYA ATATÜRK ANADOLU LİSESİ 24.08.2025   G-1 11011207 27.08.2025 27.08.2025 Books